• 首页
  • 本馆介绍
  • 公告通知
  • 最新文献
  • 馆藏检索
  • 电子资源
  • 读者导购
  • 参考咨询
  • 我的图书馆
  • 登录
  • 详细信息显示
  • 放入我的书架
  • 预约/预借图书
  • 作者相关作品
  • 分类相关作品
  • 丛书相关作品
  • 出版社相关作品

书目信息

  • 表格格式
  • 工作单格式
  • 卡片格式
题名:
中年人的心理健康
    
 
作者: 陈刚 主编
分册:  
出版信息: 杭州   浙江大学出版社  2005
页数: 164页
开本: 26cm
丛书名: 关注健康丛书
单 册:
中图分类: B844.3
科图分类:
主题词: 中年人 , 心理保健 , 中年人--心理保健--研究
电子资源:
ISBN: 7-308-03788-6
000 00939oam2 2200277 450
001 002949750
005 20061118110403.46
010    @a7-308-03788-6@dCNY20.00
100    @a20050119d2005 em y0chiy0110 ea
101 0  @achi
102    @aCN@b330000
105    @ay z 000yy
200 1  @a中年人的心理健康@9zhong nian ren de xin li jian kang@e一个被忽视的领域@f陈刚主编
210    @a杭州@c浙江大学出版社@d2005
215    @a164页@d26cm
225 2  @a关注健康丛书
300    @a2004年浙江省社会科学界联合会科普重点课题资助项目
330    @a人到中年,这是个不容忽视的转变阶段。本书从关注中年心理健康、中年心理剖析、中年心理调适与保健、心理咨询与案例分析等方面研究了中年人心理保健的课题。
461  0 @12001 @a关注健康丛书
606 0  @a中年人
606 0  @a心理保健
606 0  @a中年人@x心理保健@x研究
690    @aB844.3@v4
701  0 @a陈刚@9chen gang@c(心理学)@4主编
801  0 @aCN@bNLC@c20061118
905    @a10447@dB844.3@e541
    
    中年人的心理健康:一个被忽视的领域/陈刚主编.-杭州:浙江大学出版社,2005
    164页;26cm.-(关注健康丛书)
    2004年浙江省社会科学界联合会科普重点课题资助项目
    
    ISBN 7-308-03788-6:CNY20.00
    人到中年,这是个不容忽视的转变阶段。本书从关注中年心理健康、中年心理剖析、中年心理调适与保健、心理咨询与案例分析等方面研究了中年人心理保健的课题。
●
相关链接 在E读中查询图书 在五车中查询图书 在当当中查询图书 在豆瓣中查询图书


正题名:中年人的心理健康     索取号:B844.3/541         预约/预借

序号 登录号 条形码 馆藏地/架位号 状态 备注
1 0392430   203924307   第一样本阅览室/ [索取号:B844.3/541] 在馆    
2 0392431   203924316   第一借阅区/ [索取号:B844.3/541] 在馆    
3 0392432   203924325   第一借阅区/ [索取号:B844.3/541] 在馆    
4 0392433   203924334   第一借阅区/ [索取号:B844.3/541] 在馆    
5 0392434   203924343   第一借阅区/ [索取号:B844.3/541] 在馆    
唐山师范学院图书馆 欢迎您!
大连网信软件有限公司© 版权所有